The psychology of sales success (Бичлэгийн дугаар. 145930)
| 000 -УДИРДЛАГА | |
|---|---|
| Удирдлага | 00896 a2200289 4500 |
| 003 - ХЯНАЛТЫН ТОО ТОДОРХОЙЛОГЧ | |
| Код | MN-UlNUM |
| 005 - БИЧИЛТ ХИЙСЭН ОГНОО | |
| Тухайн бичилтийг бичсэн засварласан сүүлийн огноо | 20251213124142.0 |
| 008 - ЕРӨНХИЙ МЭДЭЭЛЭЛ | |
| Ерөнхий мэдээлэл | 110605s2007 nyua b 001 0 eng |
| 020 ## - ISBN | |
| ISBN | 0071476008 |
| -- | 9780071476003 |
| 040 ## - БИЧЛЭГ ҮҮСГЭГЧ БАЙГУУЛЛАГА | |
| Бичлэг үүсгэгч номын сангийн код | МУИС-ийн номын сан |
| 084 ## - ББК АНГИЛАЛ | |
| ББК ангилал | 65.42 |
| Зохиогчийн гурван тэмдэгт | G 91 |
| Нэмэлт тусгалт | Нэг сэдэвт бүтээл |
| Мэдлэгийн ялгаа | 65 - Эдийн засаг |
| 100 1# - ЗОХИОГЧ | |
| Зохиогчийн нэр | Gschwandtner, Gerhard |
| 245 14 - ҮНДСЭН ГАРЧИГ | |
| Номын нэр | The psychology of sales success |
| Бага гарчгийн мэдээ | Learn to think like your customer to close every sale |
| Оролцогчдын тухай мэдээ | Gerhard Gschwandtner |
| 260 ## - ГАРАЛТЫН МЭДЭЭ | |
| Хэвлэгдсэн газар | New York |
| Хэвлэлийн газар | McGraw-Hill |
| Хэвлэгдсэн он | 2007 |
| 300 ## - МАТЕРИАЛЫН ТОДОРХОЙЛОЛТ | |
| хуудасны тоо | vii, 269 p. |
| Бусад тоон мэдээлэл | ill., |
| Хэмжээ | 24 cm |
| 500 ## - Тайлбар | |
| Дансны дугаар | БС 5974 |
| 546 ## - ХЭЛНИЙ ТУХАЙ МЭДЭЭ | |
| Хэл | Англи хэл дээр, |
| 653 ## - Түлхүүр үг | |
| Түлхүүр үг | selling |
| 653 ## - Түлхүүр үг | |
| Түлхүүр үг | success in business |
| 653 ## - Түлхүүр үг | |
| Түлхүүр үг | psychological aspects |
| 740 ## - НОМЫН ГАРЧИГ | |
| Гарчиг | Understanding success |
| 740 ## - НОМЫН ГАРЧИГ | |
| Гарчиг | Understanding your customers |
| 740 ## - НОМЫН ГАРЧИГ | |
| Гарчиг | Understanding yourself |
| 942 ## - ЭЛЕМЕНТИЙН ТӨРӨЛ | |
| Зүйлийн төрөл | Ном |
